| 000 | 00591nam a2200169Ia 4500 | ||
|---|---|---|---|
| 008 | 180921t2021 xxu||||| |||| 00| 0 sin d | ||
| 041 | _asin | ||
| 080 |
_a8-31 _bඑන්වූ |
||
| 100 | _aඑන්, වූ චෙං | ||
| 245 | _aහිමි සොයා බටහිරට - වෙළුම 3 | ||
| 260 |
_bසරසවි _aනුගේගොඩ _c2021 |
||
| 300 | _aසෙ.මි.21, පි.560 | ||
| 700 |
_aසිරිල් චන්ද්රෙස්කර ගුණවර්ධන _eපරි. |
||
| 942 | _cBK | ||
| 999 |
_c12572 _d12572 |
||
| 003 | LK-CoDNM | ||
| 040 |
_aLK-CoDNM _dLK-CoDNM _eLK-CoDNM |
||